000 00779 a2200301 4500
003 00
005 20170927175237.0
008 170927b xxu||||| |||| 00| 0 eng d
020 _a2-8041-2517-3
037 _aS 8017
037 _aS 8018
040 _aBUAC
_bFre
_cBUC
100 _lFr
100 _aLippard, Stephen J.
245 _aPrincipes de biochimie minérale
260 _bDeBoeck,
260 _aBruxelles :
260 _c1997
300 _a408 p.
_bcouv. en coul. ;
_c25 cm.
500 _aBibliogr. pp. (390-392) Index pp. (393-408)
630 _aSciences Sociales et naturelles
650 _aBiochimie
700 _aBerg, Jeremy M.
700 _aTrad., Sanlqville, Chrystelle
700 _aCollab., Wallach, Jean
942 _cLBA
999 _c33501
_d33501